| 000 | 01011cab a2200277 4500 | ||
|---|---|---|---|
| 001 | ABS59039 | ||
| 008 | 090401t1998 xxu||||| |||| 00| 0 eng d | ||
| 035 | _a(Sirsi) u87488 | ||
| 041 | _aeng | ||
| 100 | _aBunn, R. | ||
| 245 | _aPanel beating | ||
| 260 | _c1998 | ||
| 350 | _a0 | ||
| 490 |
_aBuilding Services Journal _v20(7) July 1998, 40-41(2) |
||
| 520 | _aReviews a building design, commissioned by the Foreign and Commonwealth Officeto demonstrate solar energy, which makes use of photovoltaic (pv) technology and other environmentally-sound features, such as heat recovery, thermal storage and the use of recyclable building components. | ||
| 650 | _aENVIRONMENTALLY SENSITIVE BUILDINGS | ||
| 650 | _aHEAT RECOVERY | ||
| 650 | _aMECHANICAL VENTILATION | ||
| 650 | _aPHOTOVOLTAIC SYSTEMS | ||
| 650 | _aRECYCLABLE BUILDING COMPONENTS | ||
| 650 | _aSOLAR ENERGY | ||
| 650 | _aTHERMAL STORAGE | ||
| 690 | _aENVIRONMENTAL AND LAND CONSULTANCY-ENERGY | ||
| 942 | _n0 | ||
| 948 | _c17/07/1998 | ||
| 999 |
_c55186 _d55186 |
||